000 00279nam a22001217a 4500
020 _a81-7041-924-7
082 _a621 CHO'B
100 _aCHOPRA, S.B
_967413
245 _aBASIC FACTS ON MECHANICAL ENGINEERING
260 _aNEWYORK
_bANMOL
_c1994
300 _a294P
942 _cBK
999 _c575202
_d575202